00943cam a22003254i 4500003000900000005001700009008004100026035001900067040003300086082002100119100002800140245004600168264003600214300002800250336002100278337002500299338002300324505017400347526001000521526001000531526001000541526001000551526000800561526000800569526000800577526000800585526000800593526000800601526000800609PE-LiUPU20250731173211.0150625s r 000 0 d a(Sirsi) a32320 aPE-LiUPUbspacPE-LiUPUerda04a222.924bP642211 aPikaza, Xabier,eautor.10aPara leer la Historia del Pueblo de Dios. 1aNavarra :bVerbo Divino,c1988. a278 páginas ;c22 cm. atext2rdacontent aunmediated2rdamedia avolume2rdacarrier0 aPrehistoria: Dios y el Hombre. -Historia antigua: DIos Padre. -Centro de la historia: Jesucristo. -Nueva historia: Espiritu e iglesia. -Poshistoria: El hombre culminado. aSEG42 aSEG41 aSEG40 aSEG39 aP94 aP87 aP86 aP85 aP77 aP76 aP35